Loading...
Fine Arts - Auditory Fine Arts | 3 | 4 | 2 | 0 | 75 | 34 | 74.29 | 3 | 6 |
Literature - British Literature | 2 | 4 | 0 | 0 | 70 | 10 | 85.50 | 3 | 6 |
World and Other Literature | 1 | 5 | 0 | 1 | 65 | 71 | 116.17 | 1 | 5 |
Beliefs | 1 | 6 | 4 | 1 | 55 | 68 | 110.14 | 0 | 5 |
Science - Physics | 1 | 3 | 0 | 0 | 45 | 64 | 90.75 | 2 | 4 |
Philosophy | 1 | 2 | 0 | 0 | 35 | 41 | 97.33 | 0 | 1 |
Literature - American Literature | 0 | 4 | 2 | 0 | 30 | 71 | 93.00 | 0 | 4 |
Other Science: Math | 1 | 1 | 0 | 0 | 25 | 20 | 66.50 | 1 | 2 |
Science - Biology | 0 | 2 | 0 | 0 | 20 | 97 | 107.50 | 0 | 2 |
Literature - European Literature | 1 | 1 | 1 | 0 | 20 | 62 | 91.00 | 1 | 2 |
History - European History | 0 | 2 | 0 | 1 | 20 | 101 | 115.50 | 1 | 2 |
British and Commonwealth History | 1 | 0 | 0 | 0 | 15 | 63 | 63.00 | 0 | 1 |
Other Science: Earth Science | 1 | 0 | 0 | 0 | 15 | 75 | 75.00 | 1 | 1 |
Science - Chemistry | 0 | 1 | 0 | 0 | 10 | 92 | 92.00 | 1 | 1 |
Social Science | 0 | 1 | 0 | 0 | 10 | 96 | 96.00 | 0 | 1 |
History - American History | 0 | 1 | 0 | 0 | 10 | 118 | 118.00 | 0 | 1 |
Other Arts: Visual | 0 | 1 | 0 | 0 | 10 | 112 | 112.00 | 0 | 1 |
History - World History | 0 | 1 | 0 | 0 | 10 | 92 | 92.00 | 0 | 1 |
Fine Arts - Visual Fine Arts | 0 | 2 | 3 | 0 | 5 | 85 | 87.50 | 1 | 2 |
Other Arts: Auditory | 0 | 0 | 1 | 0 | -5 | 0.00 | 0 | 0 |